Supply Chain Management (Record no. 47247)

MARC details
000 -LEADER
fixed length control field 00868nam a22002297a 4500
005 - DATE AND TIME OF LATEST TRANSACTION
control field 20260209125537.0
008 - FIXED-LENGTH DATA ELEMENTS--GENERAL INFORMATION
fixed length control field 260209b |||||||| |||| 00| 0 eng d
020 ## - INTERNATIONAL STANDARD BOOK NUMBER
International Standard Book Number 9789355738066
040 ## - CATALOGING SOURCE
Transcribing agency VITAP
082 ## - DEWEY DECIMAL CLASSIFICATION NUMBER
Edition number 23rd Ed.
Classification number 658.7 LAN
100 ## - MAIN ENTRY--PERSONAL NAME
Personal name Langley, C. John
9 (RLIN) 17015
245 ## - TITLE STATEMENT
Title Supply Chain Management
Remainder of title : A Logistics Perspective
Statement of responsibility, etc. / C. John Langley ... et al.
250 ## - EDITION STATEMENT
Edition statement 11th Ed.
260 ## - PUBLICATION, DISTRIBUTION, ETC.
Place of publication, distribution, etc. New Delhi
Name of publisher, distributor, etc. Cengage Learning India Pvt. Ltd.
Date of publication, distribution, etc. 2025
300 ## - PHYSICAL DESCRIPTION
Extent xxvi, 628p. : ill. ; 25cm
500 ## - GENERAL NOTE
General note It includes Index Pages.
650 #0 - SUBJECT ADDED ENTRY--TOPICAL TERM
Topical term or geographic name entry element Delivery of goods -- Management; Business logistics; Customer services -- Management; Physical distribution of goods -- Management; Customer services -- Management
9 (RLIN) 17016
700 ## - ADDED ENTRY--PERSONAL NAME
Personal name Novack, Robert A.
9 (RLIN) 17017
700 ## - ADDED ENTRY--PERSONAL NAME
Personal name Gibson, Brian J.
9 (RLIN) 17018
700 ## - ADDED ENTRY--PERSONAL NAME
Personal name Coyle, John, J.
9 (RLIN) 17019
942 ## - ADDED ENTRY ELEMENTS (KOHA)
Source of classification or shelving scheme Dewey Decimal Classification
Koha item type Text Book
Holdings
Withdrawn status Lost status Source of classification or shelving scheme Materials specified (bound volume or other part) Damaged status Not for loan Collection code Home library Current library Shelving location Date acquired Source of acquisition Cost, normal purchase price Inventory number Total Checkouts Full call number Barcode Date last seen Cost, replacement price Price effective from Koha item type Public note
    Dewey Decimal Classification Paper Back     Reference School of Business & General Section VIT-AP Reference 2026-01-31 Syamala Book Links, Visakhapatnam 910.00 SBL151   658.7 LAN 025415 2026-02-09 910.00 2026-01-31 Reference Book MGT
    Dewey Decimal Classification Paper Back       School of Business & General Section VIT-AP General Stacks 2026-01-31 Syamala Book Links, Visakhapatnam 910.00 SBL151   658.7 LAN 025416 2026-02-09 910.00 2026-01-31 Text Book MGT
    Dewey Decimal Classification Paper Back       School of Business & General Section VIT-AP General Stacks 2026-01-31 Syamala Book Links, Visakhapatnam 910.00 SBL151   658.7 LAN 025417 2026-02-09 910.00 2026-01-31 Text Book MGT

Visitor Number: